000
00256nam a22001217a 4500
008
190201b xxu||||| |||| 00| 0 eng d
041
_a
eng
080
_2
3rd
_a
330
100
_a
52
101
_a
EKO
245
_a
Basic Economics
_c
Sowell
942
_2
udc
_c
BK
999
_c
53900
_d
53900